Stone monuments of southern Mexico

Furkejuvvon:
Bibliográfalaš dieđut
Váldodahkki: Stirling, Matthew W (Dahkki)
Materiálatiipa: Girji
Giella:eaŋgalasgiella
Almmustuhtton: Washington, D.C Goverment Printing Office 1943
Fáttát:
Fáddágilkorat: Lasit fáddágilkoriid
Eai fáddágilkorat, Lasit vuosttaš fáddágilkora!

MARC

LEADER 00000nam a2200000 a 4500
001 UCO0999
003 CL-VaPUC
008 000505e19430000US |||||||||||||||||eng|d
082 0 4 |a 972.01  |b STI  |2 21 
100 0 |a Stirling, Matthew W  |e author  |9 442717 
245 1 0 |a Stone monuments of southern Mexico 
300 |a 84 p 
942 |c BK 
945 |d 20000505 00:00:00  |a crobeson 
260 |a Washington, D.C  |b Goverment Printing Office  |c 1943 
650 7 |a MONUMENTOS ARQUEOLOGICOS  |2 CL-VaPUC  |9 369567 
650 0 |a Arqueología   |9 265619 
650 0 |a Culturas precolombinas  |9 408769 
651 0 |a México  |9 255269 
583 |a last modification  |c 20000505 00:00:00  |k Rodrigo Vera 
999 |c 287634  |d 287632 
952 |0 0  |1 0  |4 0  |6 972_010000000000000_STI_1943  |7 0  |8 X  |9 334577  |a BIBHIS  |b BIBHIS  |d 2019-11-20  |i 1272586  |o 972.01 STI 1943  |p 1272586  |r 2024-01-30  |w 2019-11-20  |y BK_X  |k HIS